000 00767nam a2200289Ia 4500
001 19614
003 IT-RoPAU
008 130308s9999 xx 000 0 und d
040 _aIT-RoPAU
040 _cIT-RoPAU
041 _aITALIANO
100 _aKlein Julius
100 _gCodice Aut. SPICS: 1012
245 _aChe cosa fa il cinema per l'industria?
245 _bCinema muto hollywoodiano e Organizzazione Sociale
250 _a1a ed.
260 _aVENEZIA
260 _bLa Biennale
260 _c1975 [1° Ed.:1975 - Ed.Ling.Originale:1926]
300 _a"3 p. (prefazione: no ; testo: 3 [pagine: 97-99])"
650 _aSAGGI SUL CINEMA
650 _eCodice materia Spics: 6811
942 _cBK
957 _71
999 _c54987
_d54987
999 _bSI
999 _g1